| 000 | 00898cam a22002895a 4500 | ||
|---|---|---|---|
| 001 | 18639655 | ||
| 005 | 20180424153037.0 | ||
| 008 | 150602t2015 caua fr 001 0 eng d | ||
| 020 | _a9780133924442 | ||
| 020 | _a0133924440 | ||
| 040 |
_aDLC _beng _cDLC _dEG-ScBUE |
||
| 082 | 0 | 4 |
_222 _a006.686 _bFAU |
| 100 | 1 | _aFaulkner, Andrew. | |
| 245 | 1 | 0 |
_aAdobe Photoshop CC 2014 release / _cAndrew Faulkner & Brie Gyncild. |
| 246 | 3 | 0 | _aPhotoshop CC |
| 260 |
_aSan Francisco : _bPearson Education / Peachpit, _cc.2015. |
||
| 300 |
_aviii, 373 p. : _bill. ; _c24 cm. |
||
| 490 | 0 | _aClassroom in a book | |
| 500 | _aIncludes index. | ||
| 500 | _aIncludes digital features access code inside. | ||
| 630 | 0 | 7 |
_aAdobe Photoshop. _937025 |
| 650 | 7 |
_aImage processing _xDigital techniques. _2BUEsh _94647 |
|
| 651 | _2BUEsh | ||
| 653 |
_bCOMSCI _cApril2018 |
||
| 700 | 1 | _aGyncild, Brie. | |
| 942 | _2ddc | ||
| 999 |
_c26591 _d26563 |
||